000 00228nam a2200097Ia 4500
008 190216s9999||||xx |||||||||||||| ||und||
100 _aSelinin V
245 0 _aNingalude Hridayam
260 _bKerala Bhasha Institute
942 _cBK
999 _c37595
_d37595